000 00533nam a22001817a 4500
005 20241121123450.0
008 241121b |||||||| |||| 00| 0 eng d
020 _a9780409126747
041 _aEnglish
082 _a346.47 BUR
100 _lEnglish
245 _aBurrell's South African Patent and Design Law /
_cTD Burrell
250 _aFourth Edition
260 _aDurban:
_bLexisNexis (Pty) Ltd,
_c2016
300 _bxiii, 1040 pages;
_c25 cm.
650 _aLegal practice
_bLaw
942 _cBK
_6ALISON_BN_VRIES
999 _c3254
_d3254